[Event "DBMM 2015 (XV.)"]
[Site "München"]
[Date "2015.10.23"]
[Round "4.1"]
[White "IM Seger, Rüdiger"]
[Black "GM Nikolic, Predrag"]
[Result "1/2-1/2"]
[WhiteElo "2364"]
[BlackElo "2603"]
[PlyCount "91"]
[EventDate "2015.10.22"]
[EventType "swiss"]
[EventCountry "GER"]
[WhiteTeam "Deutsche Post Bonn 1"]
[BlackTeam "Europäisches Patentamt Mü. 1"]

1. e4 e6 2. d4 d5 3. Nd2 a6 4. Ngf3 c5 5. dxc5 Bxc5 6. Bd3 Ne7 7. O-O O-O 8. a3
Ng6 9. exd5 exd5 10. Nb3 Bb6 11. Nbd4 Nd7 12. Re1 Nc5 13. Bg5 Qc7 14. c3 Bd7
15. Bf5 Rfe8 16. Qc2 Ba4 17. b3 Bd7 18. c4 Bxf5 19. Nxf5 Ne6 20. Be3 dxc4 21.
Bxb6 Qxb6 22. bxc4 Qc5 23. Ne3 Nef4 24. Qb3 Qc6 25. Rab1 Rab8 26. Nd5 Ne6 27.
g3 b5 28. cxb5 Rxb5 29. Nb4 Qa8 30. Qd3 Rd8 31. Qe2 Rf5 32. Rb3 a5 33. Nc2 h5
34. Qe4 Qxe4 35. Rxe4 Rc5 36. Rb2 h4 37. Kg2 Rc3 38. Nxh4 Nc5 39. Re3 Nxh4+ 40.
gxh4 Rc4 41. Ne1 Ne6 42. Nf3 Rg4+ 43. Kh3 Rg6 44. Ng5 Nxg5+ 45. hxg5 Rxg5 46.
Rbb3 1/2-1/2

[Event "DBMM 2015 (XV.)"]
[Site "München"]
[Date "2015.10.23"]
[Round "4.2"]
[White "Moufang, Rainer"]
[Black "Gikas, Andreas Basilius"]
[Result "1-0"]
[WhiteElo "2304"]
[BlackElo "2208"]
[PlyCount "82"]
[EventDate "2015.10.22"]
[EventType "swiss"]
[EventCountry "GER"]
[WhiteTeam "Europäisches Patentamt Mü. 1"]
[BlackTeam "Deutsche Post Bonn 1"]

1. d4 d5 2. Nf3 c6 3. Bf4 Qb6 4. Qc1 Bg4 5. Ne5 Bf5 6. e3 f6 7. Nf3 g5 8. Bg3
h5 9. h4 g4 10. Nfd2 e6 11. a4 a5 12. c4 Qd8 13. Nc3 Na6 14. Be2 Nb4 15. O-O
Bh6 16. cxd5 exd5 17. Ra3 Ne7 18. Na2 Nxa2 19. Rxa2 O-O 20. Qc3 Bg6 21. Bd3
Bxd3 22. Qxd3 Qd7 23. Rd1 Nf5 24. Nf1 Rfe8 25. b4 axb4 26. Rb1 Bf8 27. f3 Bh6
28. Re1 gxf3 29. gxf3 Kh8 30. Rg2 Rg8 31. Kh2 Rxa4 32. Ree2 Ra1 33. Re1 Ra3 34.
Qd2 b3 35. Rb1 Ra2 36. Rb2 Bxe3 37. Nxe3 Rxb2 38. Qxb2 Nxe3 39. Rg1 Qf5 40.
Qxb3 Qxf3 41. Qb1 Rxg3 1-0

[Event "DBMM 2015 (XV.)"]
[Site "München"]
[Date "2015.10.23"]
[Round "4.3"]
[White "Dehmel, Jens"]
[Black "Maric, Viktor"]
[Result "0-1"]
[WhiteElo "2105"]
[BlackElo "2285"]
[PlyCount "46"]
[EventDate "2015.10.22"]
[EventType "swiss"]
[EventCountry "GER"]
[WhiteTeam "Deutsche Post Bonn 1"]
[BlackTeam "Europäisches Patentamt Mü. 1"]

1. d4 d5 2. c4 c6 3. Nf3 Nf6 4. Nc3 dxc4 5. a4 Bf5 6. Ne5 e6 7. f3 Bb4 8. Kf2
Nd5 9. Qd2 Bg6 10. e4 Nf6 11. Qd1 O-O 12. Bxc4 Qa5 13. Qb3 Nbd7 14. Nxd7 Nxd7
15. Na2 Bd2 16. Rd1 Bxc1 17. Raxc1 Nb6 18. Nc3 Rfd8 19. Bf1 Rd7 20. Rd2 Rad8
21. Rcd1 c5 22. d5 a6 23. Bc4 Qb4 0-1

[Event "DBMM 2015 (XV.)"]
[Site "München"]
[Date "2015.10.23"]
[Round "4.4"]
[White "Heer, Stephan"]
[Black "Biedeköpper, Robert"]
[Result "1-0"]
[WhiteElo "2127"]
[BlackElo "2021"]
[PlyCount "73"]
[EventDate "2015.10.22"]
[EventType "swiss"]
[EventCountry "GER"]
[WhiteTeam "Europäisches Patentamt Mü. 1"]
[BlackTeam "Deutsche Post Bonn 1"]

1. Nf3 Nf6 2. g3 d5 3. Bg2 Bg4 4. c4 c6 5. Qb3 Qc8 6. h3 Bf5 7. d3 e6 8. Nc3
Nbd7 9. cxd5 exd5 10. Nd4 Nc5 11. Qc2 Bd7 12. Bg5 Be7 13. e4 dxe4 14. dxe4 Ne6
15. Be3 Nxd4 16. Bxd4 Be6 17. f4 Qd8 18. Rd1 Qa5 19. O-O Bc5 20. Kh2 O-O-O 21.
Be5 Rxd1 22. Rxd1 Rd8 23. Rxd8+ Kxd8 24. a3 Bb6 25. Qd3+ Ke8 26. Bd6 Nd7 27. f5
Bb3 28. Nd5 cxd5 29. Qxb3 Qe1 30. h4 dxe4 31. Bb4 Qg1+ 32. Kh3 Qd4 33. Bc3 Qd3
34. Qb4 Nc5 35. Qd4 Bc7 36. Qxg7 e3 37. Qg8+ 1-0

[Event "DBMM 2015 (XV.)"]
[Site "München"]
[Date "2015.10.23"]
[Round "4.1"]
[White "FM Schramm, Christian"]
[Black "Lotzien, Hans"]
[Result "1/2-1/2"]
[WhiteElo "2390"]
[BlackElo "2153"]
[Annotator "Peter"]
[PlyCount "62"]
[EventDate "2015.10.22"]
[EventCountry "GER"]
[WhiteTeam "Allianz Global Investors Ffm 1"]
[BlackTeam "BM Ernährung Landwirtschaft Bonn"]

1. e4 e5 2. Bc4 Nc6 3. Nc3 d6 4. Nge2 Nf6 5. d3 Be7 6. f4 exf4 7. Nxf4 Bg4 8.
Qd2 O-O 9. h3 Bd7 10. a3 Nd4 11. O-O c6 12. Qf2 Ne6 13. Nfe2 Nc7 14. d4 d5 15.
exd5 Ncxd5 16. Bd3 Nxc3 17. bxc3 Qa5 18. c4 Rad8 19. Nf4 Bc8 20. Bd2 Qc7 21. a4
b6 22. Kh1 g6 23. a5 Ne8 24. axb6 axb6 25. Ne2 Bf6 26. c5 bxc5 27. Ba5 Qd7 28.
Bxd8 Qxd8 29. Bc4 cxd4 30. Ra7 Be6 31. Bxe6 fxe6 {Rest der Partie nicht mehr
rekonstruierbar} 1/2-1/2

[Event "DBMM 2015 (XV.)"]
[Site "München"]
[Date "2015.10.23"]
[Round "4.3"]
[White "FM Wahedi, Ahmad Siar"]
[Black "Bröhl, Stephan"]
[Result "1-0"]
[WhiteElo "2286"]
[BlackElo "2122"]
[PlyCount "77"]
[EventDate "2015.10.22"]
[EventCountry "GER"]
[WhiteTeam "Allianz Global Investors Ffm 1"]
[BlackTeam "BM Ernährung Landwirtschaft Bonn"]

1. e4 c6 2. Nc3 d5 3. Nf3 dxe4 4. Nxe4 Nf6 5. Ng3 h5 6. Ne5 Qd4 7. Nf3 Qd5 8.
h3 h4 9. Ne2 e5 10. d4 e4 11. Ne5 Be6 12. Nf4 Qa5+ 13. Bd2 Qb6 14. Nxe6 fxe6
15. c3 Nbd7 16. Nxd7 Nxd7 17. b4 a5 18. a3 O-O-O 19. Qg4 Re8 20. Qxe4 e5 21. d5
cxd5 22. Qxd5 Nf6 23. Qxa5 Qxa5 24. bxa5 Bc5 25. Bd3 e4 26. Bb5 Re5 27. a4 e3
28. fxe3 Bxe3 29. O-O-O Kb8 30. Kc2 Bxd2 31. Rxd2 Rc8 32. c4 Ka7 33. Rhd1 Rg5
34. Re1 Rc7 35. Re6 Rg3 36. Kb2 Rg5 37. Kc3 Rg3+ 38. Kb4 Rf7 39. a6 1-0

[Event "DBMM 2015 (XV.)"]
[Site "München"]
[Date "2015.10.23"]
[Round "4.1"]
[White "Bintakies, Michael"]
[Black "IM Telljohann, Sven"]
[Result "1/2-1/2"]
[WhiteElo "2190"]
[BlackElo "2404"]
[PlyCount "98"]
[EventDate "2015.10.22"]
[EventCountry "GER"]
[WhiteTeam "Bayerische Landesbank 1"]
[BlackTeam "DekaBank DGZ 1"]

1. d4 g6 2. e4 Bg7 3. c3 d6 4. Nf3 Nf6 5. Nbd2 O-O 6. Bd3 Nfd7 7. O-O e5 8.
dxe5 dxe5 9. Nc4 h6 10. b4 Re8 11. Ne3 a5 12. Bc4 Nb6 13. Qxd8 Rxd8 14. Ba3
axb4 15. Bxb4 Nxc4 16. Nxc4 Nc6 17. a3 Be6 18. Ne3 Na5 19. Rfd1 Nb3 20. Rxd8+
Rxd8 21. Rb1 c5 22. c4 cxb4 23. Rxb3 bxa3 24. Rxa3 Bxc4 25. h3 Be6 26. Ra5 f6
27. Rb5 Rd7 28. Rb6 Kf7 29. Nh4 Re7 30. g4 Bf8 31. Kg2 h5 32. gxh5 gxh5 33.
Nhf5 Rd7 34. Kg3 Bxf5 35. Nxf5 Bc5 36. Rb2 b6 37. Kf3 Rd3+ 38. Kg2 Kg6 39. h4
Rd7 40. Kf3 Ra7 41. Ke2 Ra4 42. f3 Ra7 43. Kd3 Kf7 44. Kc4 Ke6 45. Rb3 Ra1 46.
Ng7+ Kf7 47. Nf5 Rh1 48. Kb5 Ke8 49. Rd3 Bf2 1/2-1/2

[Event "DBMM 2015 (XV.)"]
[Site "München"]
[Date "2015.10.23"]
[Round "4.2"]
[White "Fulea, Dan Dr"]
[Black "Schmidt, Hans"]
[Result "1-0"]
[WhiteElo "2193"]
[BlackElo "2064"]
[PlyCount "63"]
[EventDate "2015.10.22"]
[EventCountry "GER"]
[WhiteTeam "DekaBank DGZ 1"]
[BlackTeam "Bayerische Landesbank 1"]

1. e4 c6 2. d4 d5 3. f3 g6 4. Nc3 Bg7 5. Be3 Qb6 6. Qd2 e6 7. O-O-O Nd7 8. h4
h5 9. Nh3 Ndf6 10. Ng5 Nh6 11. Be2 Bd7 12. Na4 Qd8 13. e5 Nfg8 14. g4 b6 15.
Nc3 Qe7 16. Nh3 Qb4 17. Nf4 Ne7 18. Kb1 c5 19. Nd3 Qa5 20. dxc5 bxc5 21. Nxc5
Rb8 22. Nxd5 Qxd2 23. Nc7+ Kf8 24. Rxd2 Bc6 25. N7a6 Rc8 26. Nd7+ Ke8 27. Nf6+
Bxf6 28. exf6 Nxg4 29. fxg4 Bxh1 30. fxe7 hxg4 31. Bg5 g3 32. Rd8+ 1-0

[Event "DBMM 2015 (XV.)"]
[Site "München"]
[Date "2015.10.23"]
[Round "4.3"]
[White "Luft, Martin"]
[Black "Diehm, Alexander"]
[Result "1-0"]
[WhiteElo "2114"]
[BlackElo "2030"]
[PlyCount "65"]
[EventDate "2015.10.22"]
[EventCountry "GER"]
[WhiteTeam "Bayerische Landesbank 1"]
[BlackTeam "DekaBank DGZ 1"]

1. d4 f5 2. g3 Nf6 3. Bg2 e6 4. Nh3 d5 5. O-O Bd6 6. Bf4 O-O 7. Nd2 Qe7 8. Bxd6
cxd6 9. Nf4 g5 10. Nd3 e5 11. c4 e4 12. Nb4 dxc4 13. d5 a5 14. Nc2 b5 15. a4
Bb7 16. axb5 Bxd5 17. Ne3 Be6 18. Ndxc4 f4 19. Nb6 Ra7 20. Ned5 Bxd5 21. Nxd5
Qe5 22. Nxf6+ Rxf6 23. Qb3+ Kg7 24. Ra4 d5 25. Rd1 f3 26. exf3 exf3 27. Bf1 Rd7
28. Rad4 Rfd6 29. Qxf3 Rf7 30. Qe3 Qf5 31. Bg2 Re6 32. Qd2 Rd6 33. h4 1-0

[Event "DBMM 2015 (XV.)"]
[Site "München"]
[Date "2015.10.23"]
[Round "4.4"]
[White "Ortinau, Peter"]
[Black "Daurer, Walter"]
[Result "1-0"]
[WhiteElo "2070"]
[BlackElo "2007"]
[PlyCount "51"]
[EventDate "2015.10.22"]
[EventCountry "GER"]
[WhiteTeam "DekaBank DGZ 1"]
[BlackTeam "Bayerische Landesbank 1"]

1. d4 Nf6 2. c4 g6 3. Nc3 Bg7 4. e4 d6 5. f3 c6 6. Be3 a6 7. a4 a5 8. Qd2 Nbd7
9. Bd3 e5 10. d5 cxd5 11. cxd5 O-O 12. Nb5 Ne8 13. Ne2 b6 14. O-O Nc5 15. Bc4
f5 16. Nec3 Nf6 17. Na3 fxe4 18. Bxc5 bxc5 19. Nxe4 Bf5 20. Rae1 Bxe4 21. fxe4
Ng4 22. Rxf8+ Bxf8 23. Qe2 Qh4 24. h3 Nf6 25. Nb5 Rd8 26. Nc7 1-0

[Event "DBMM 2015 (XV.)"]
[Site "München"]
[Date "2015.10.23"]
[Round "4.1"]
[White "FM Hoffmann, Hendrik"]
[Black "IM Safyanowsky, Mark"]
[Result "1-0"]
[WhiteElo "2198"]
[BlackElo "2248"]
[PlyCount "61"]
[EventDate "2015.10.22"]
[EventCountry "GER"]
[WhiteTeam "le-tex Publishing Services L. 1"]
[BlackTeam "SV Osram Augsburg 1"]

1. e4 g6 2. d4 Bg7 3. Nf3 d6 4. h3 c5 5. dxc5 Qa5+ 6. Bd2 Qxc5 7. Nc3 Nf6 8.
Bd3 O-O 9. O-O Nbd7 10. Re1 Nb6 11. Rb1 Be6 12. Be3 Qc8 13. Bg5 Re8 14. Qd2
Nfd7 15. Bh6 Bh8 16. Ng5 Ne5 17. Bb5 Bd7 18. Bxd7 Nexd7 19. Qf4 Nf6 20. Qg3 Qc5
21. Kh1 Rac8 22. f4 Nc4 23. f5 b6 24. fxg6 hxg6 25. Qh4 Nxb2 26. Nd5 Qxc2 27.
Bf8 Nh5 28. Bxe7 Nd3 29. Rf1 Nf2+ 30. Qxf2 Qxf2 31. Rxf2 1-0

[Event "DBMM 2015 (XV.)"]
[Site "München"]
[Date "2015.10.23"]
[Round "4.2"]
[White "Demir, Bilal"]
[Black "Heinrich, Thomas"]
[Result "0-1"]
[WhiteElo "2099"]
[BlackElo "2215"]
[PlyCount "80"]
[EventDate "2015.10.22"]
[EventCountry "GER"]
[WhiteTeam "SV Osram Augsburg 1"]
[BlackTeam "le-tex Publishing Services L. 1"]

1. e4 c5 2. c3 d6 3. d4 Nf6 4. Bd3 g6 5. h3 Bg7 6. Nf3 O-O 7. O-O Nc6 8. d5 Ne5
9. Nxe5 dxe5 10. Be3 b6 11. c4 Ne8 12. Nc3 Nd6 13. f4 exf4 14. Bxf4 e5 15. dxe6
Bxe6 16. Qe2 Qe7 17. Nd5 Bxd5 18. cxd5 Be5 19. Rae1 f6 20. a4 Bxf4 21. Rxf4 Qe5
22. Rf3 Rae8 23. Re3 Kg7 24. b3 Re7 25. Kh1 Nf7 26. Bc4 Qd6 27. Qd2 Re5 28. a5
Rfe8 29. Bd3 R8e7 30. Kg1 Rg5 31. Ra1 Qe5 32. Ra4 Nd6 33. axb6 axb6 34. Re2 Rg3
35. Bb1 Rxb3 36. Ba2 Rg3 37. Ra6 b5 38. Qa5 Rc3 39. Re1 Qg3 40. Rxd6 Qxe1+ 0-1

[Event "DBMM 2015 (XV.)"]
[Site "München"]
[Date "2015.10.23"]
[Round "4.3"]
[White "Schreiter, Thomas"]
[Black "Czap, Bernard"]
[Result "0-1"]
[WhiteElo "2043"]
[BlackElo "2073"]
[PlyCount "34"]
[EventDate "2015.10.22"]
[EventCountry "GER"]
[WhiteTeam "le-tex Publishing Services L. 1"]
[BlackTeam "SV Osram Augsburg 1"]

1. d4 d5 2. c4 c6 3. e3 Nf6 4. Nc3 e6 5. Nf3 Nbd7 6. cxd5 exd5 7. Bd3 Bd6 8.
O-O O-O 9. b3 Re8 10. Bb2 Ne4 11. Qc2 Ndf6 12. Ne2 Bg4 13. Ne5 Bxe2 14. Qxe2
Nd7 15. Nxd7 Qxd7 16. a3 Re6 17. f3 Bxh2+ 0-1

[Event "DBMM 2015 (XV.)"]
[Site "München"]
[Date "2015.10.23"]
[Round "4.4"]
[White "Jermann, Frank Dr"]
[Black "Hartmann, Uwe"]
[Result "1-0"]
[WhiteElo "2140"]
[BlackElo "1964"]
[PlyCount "121"]
[EventDate "2015.10.22"]
[EventCountry "GER"]
[WhiteTeam "SV Osram Augsburg 1"]
[BlackTeam "le-tex Publishing Services L. 1"]

1. d4 d5 2. Nf3 Nf6 3. e3 Bf5 4. c4 e6 5. Qb3 b6 6. Nc3 c6 7. cxd5 exd5 8. Be2
Bd6 9. O-O O-O 10. a4 a5 11. Bd2 Na6 12. Rfc1 Nb4 13. Na2 c5 14. Nxb4 axb4 15.
dxc5 bxc5 16. h3 c4 17. Qd1 b3 18. Nd4 Qd7 19. Nxf5 Qxf5 20. Bc3 Rfd8 21. Qd4
Qg6 22. Bf3 Ra6 23. Rd1 Bb8 24. Qc5 Rad6 25. a5 Ne4 26. Bxe4 Qxe4 27. Rd4 Qe6
28. Rad1 R6d7 29. Rg4 g6 30. Qd4 f6 31. Qxf6 Qxf6 32. Bxf6 Rc8 33. Bc3 Kf7 34.
Rgd4 Rcd8 35. R4d2 Ba7 36. g3 Ke6 37. Kg2 Bc5 38. h4 Rd6 39. Kf3 Rf8+ 40. Ke2
Rfd8 41. Ra1 Ra8 42. f4 Rda6 43. Rad1 Rd8 44. g4 Rad6 45. Kf3 Re8 46. Be5 Rd7
47. Bc3 Red8 48. Re2 Rd6 49. Red2 R8d7 50. g5 Rd8 51. Re2 Kf5 52. Be5 Ra6 53.
Red2 Rxa5 54. Rxd5 Rxd5 55. Rxd5 Ke6 56. Rd1 Ra2 57. Bc3 Bb6 58. e4 Ba5 59. f5+
gxf5 60. exf5+ Kf7 61. Kg4 1-0

[Event "DBMM 2015 (XV.)"]
[Site "München"]
[Date "2015.10.23"]
[Round "4.1"]
[White "Körlin, Hans-Jürgen"]
[Black "Gottschalk, Jens"]
[Result "0-1"]
[WhiteElo "1882"]
[BlackElo "2269"]
[PlyCount "51"]
[EventDate "2015.10.22"]
[EventCountry "GER"]
[WhiteTeam "Bezirksamt Berlin Tempelhof 1"]
[BlackTeam "R+V Versicherungen Wiesbaden 1"]

1. e4 c5 2. Nc3 Nc6 3. f4 g6 4. Nf3 Bg7 5. Bb5 Nd4 6. a4 e6 7. O-O Ne7 8. Ne2
a6 9. Bc4 Nxf3+ 10. Rxf3 d5 11. exd5 exd5 12. Bb3 O-O 13. h3 b5 14. c3 d4 15.
cxd4 Bb7 16. Rf2 cxd4 17. d3 Nf5 18. Kh2 Qd6 19. axb5 axb5 20. Rxa8 Rxa8 21.
Bd2 Bf6 22. Ng3 Ne3 23. Qb1 Bh4 24. Re2 Qxf4 25. Qe1 Bxg3+ 26. Qxg3 0-1

[Event "DBMM 2015 (XV.)"]
[Site "München"]
[Date "2015.10.23"]
[Round "4.2"]
[White "Seidler, Lukas"]
[Black "Kettenburg, Stefan Dr"]
[Result "1/2-1/2"]
[WhiteElo "2211"]
[BlackElo "2063"]
[PlyCount "82"]
[EventDate "2015.10.22"]
[EventCountry "GER"]
[WhiteTeam "R+V Versicherungen Wiesbaden 1"]
[BlackTeam "Bezirksamt Berlin Tempelhof 1"]

1. e4 c6 2. d4 d5 3. Nc3 dxe4 4. Nxe4 Nd7 5. Nf3 Ngf6 6. Nxf6+ Nxf6 7. Ne5 e6
8. Be2 Be7 9. O-O O-O 10. Bg5 Nd7 11. Bxe7 Qxe7 12. Nxd7 Qxd7 13. a4 Rd8 14.
Ra3 b6 15. Rg3 Bb7 16. c3 c5 17. dxc5 Qxd1 18. Rxd1 Rxd1+ 19. Bxd1 Rd8 20. Be2
bxc5 21. Rd3 Rxd3 22. Bxd3 f5 23. b4 cxb4 24. cxb4 Kf7 25. f3 Ke7 26. Kf2 g6
27. Ke3 e5 28. Bc4 h6 29. g3 Kd6 30. f4 g5 31. Bb3 gxf4+ 32. gxf4 e4 33. Kd4
Bc8 34. Bd1 a6 35. Be2 Bd7 36. Bxa6 Bxa4 37. b5 Bc2 38. b6 Kc6 39. Bc8 Kxb6 40.
Ke3 Kc7 41. Be6 Kd6 1/2-1/2

[Event "DBMM 2015 (XV.)"]
[Site "München"]
[Date "2015.10.23"]
[Round "4.3"]
[White "Schmidt, Jörg"]
[Black "Werner, Gregor"]
[Result "0-1"]
[WhiteElo "1736"]
[BlackElo "2125"]
[PlyCount "96"]
[EventDate "2015.10.22"]
[EventCountry "GER"]
[WhiteTeam "Bezirksamt Berlin Tempelhof 1"]
[BlackTeam "R+V Versicherungen Wiesbaden 1"]

1. e4 d6 2. d4 Nf6 3. Bd3 e5 4. d5 g6 5. Ne2 Bg7 6. O-O O-O 7. h3 Nh5 8. Ng3
Nf4 9. Nc3 Qh4 10. Qf3 Nd7 11. Nce2 Nxd3 12. cxd3 a5 13. Be3 b6 14. Rfd1 Ba6
15. Qg4 Qxg4 16. hxg4 Nc5 17. Bxc5 bxc5 18. Nf1 Bh6 19. g3 f5 20. gxf5 gxf5 21.
Nc3 f4 22. f3 fxg3 23. Kg2 Bf4 24. Nxg3 Bxg3 25. Kxg3 Rf6 26. Rd2 Raf8 27. Rf1
Rh6 28. Nd1 Kf7 29. Ne3 Rg8+ 30. Ng4 Bc8 31. Rh2 Rxh2 32. Kxh2 Ke7 33. Ne3 Ba6
34. Nc4 Bxc4 35. dxc4 a4 36. f4 exf4 37. Rxf4 Rb8 38. Rf2 Rb4 39. Rc2 Kf6 40.
Kg3 Ke5 41. Kf3 Kd4 42. Rh2 Kxc4 43. b3+ axb3 44. axb3+ Kxb3 45. Rxh7 c4 46.
Rxc7 c3 47. e5 dxe5 48. d6 Rd4 0-1

[Event "DBMM 2015 (XV.)"]
[Site "München"]
[Date "2015.10.23"]
[Round "4.4"]
[White "Launert, Martin Dr"]
[Black "Baranowsky, Peter"]
[Result "1-0"]
[WhiteElo "1858"]
[BlackElo "1945"]
[PlyCount "80"]
[EventDate "2015.10.22"]
[EventCountry "GER"]
[WhiteTeam "R+V Versicherungen Wiesbaden 1"]
[BlackTeam "Bezirksamt Berlin Tempelhof 1"]

1. e4 c6 2. d4 d5 3. Nc3 dxe4 4. Nxe4 Bf5 5. Ng3 Bg6 6. h4 h6 7. h5 Bh7 8. Nf3
Nd7 9. Bd3 Bxd3 10. Qxd3 e6 11. Bf4 Qa5+ 12. Bd2 Qc7 13. O-O-O Ngf6 14. Ne4
Nxe4 15. Qxe4 Nf6 16. Qe2 Bd6 17. Kb1 O-O-O 18. c4 c5 19. Bc3 Rhe8 20. Rc1 Kb8
21. g3 Rc8 22. Nd2 Qc6 23. Rh4 cxd4 24. Bxd4 e5 25. Bc3 b6 26. Nf1 Nd7 27. Ne3
Bc5 28. Nd5 f6 29. Ne3 Bf8 30. Rhh1 Qe6 31. g4 Rc6 32. Rhd1 Rec8 33. Be1 Nc5
34. Rc2 e4 35. Nf5 Nd3 36. Nd4 Nf4 37. Qd2 Qe5 38. Nxc6+ Rxc6 39. Qd8+ Rc8 40.
Qd4 Qxd4 1-0

[Event "DBMM 2015 (XV.)"]
[Site "München"]
[Date "2015.10.23"]
[Round "4.1"]
[White "Tokarev, Igor"]
[Black "Segerberg, Tomas"]
[Result "0-1"]
[WhiteElo "1988"]
[BlackElo "2069"]
[PlyCount "69"]
[EventDate "2015.10.22"]
[EventCountry "GER"]
[WhiteTeam "SV Osram Augsburg 2"]
[BlackTeam "Europäisches Patentamt Mü. 2"]

1. c4 e5 2. Nc3 Nf6 3. g3 d5 4. cxd5 Nxd5 5. Bg2 Ne7 6. Nf3 Nbc6 7. O-O g6 8.
d3 Bg7 9. Bd2 O-O 10. Rc1 h6 11. Ne4 Kh7 12. Nc5 b6 13. Ne4 Be6 14. Nfg5+ Kh8
15. Nxe6 fxe6 16. b4 Rb8 17. Qa4 Nd4 18. Rfe1 Nd5 19. b5 Qd7 20. Rb1 a5 21. Qc4
Rf7 22. Bc3 Rbf8 23. Bh3 Nc2 24. Bxe5 Nxe1 25. Bxg7+ Rxg7 26. Rxe1 g5 27. a4 g4
28. Bg2 Nf6 29. Nxf6 Rxf6 30. Rc1 Qf7 31. Qd4 h5 32. Rc6 Qe7 33. Be4 h4 34. Qe5
Rh6 35. Bf5 0-1

[Event "DBMM 2015 (XV.)"]
[Site "München"]
[Date "2015.10.23"]
[Round "4.3"]
[White "Zunic, Josef"]
[Black "Rabenstein, Winfried"]
[Result "0-1"]
[WhiteElo "1757"]
[BlackElo "2036"]
[PlyCount "69"]
[EventDate "2015.10.22"]
[EventCountry "GER"]
[WhiteTeam "SV Osram Augsburg 2"]
[BlackTeam "Europäisches Patentamt Mü. 2"]

1. e4 c5 2. Bc4 e6 3. Nc3 Nc6 4. a3 Nf6 5. d3 Be7 6. Nge2 d5 7. exd5 exd5 8.
Ba2 O-O 9. O-O d4 10. Ne4 Nxe4 11. dxe4 Bd6 12. Ng3 Bxg3 13. hxg3 Be6 14. b3
Kh8 15. Qh5 b6 16. f3 f5 17. Bg5 Qd7 18. Rae1 fxe4 19. Rxe4 Bf5 20. Re2 Bg6 21.
Qh4 Rae8 22. Rd2 Qe6 23. Qh3 Qxh3 24. gxh3 Bf7 25. g4 h6 26. Bh4 Ne7 27. f4 Nd5
28. f5 Nc3 29. Bb1 Bd5 30. Kh2 Re4 31. Bg3 Rfe8 32. f6 gxf6 33. Rxf6 Re2+ 34.
Rxe2 Rxe2+ 35. Kg1 0-1

[Event "DBMM 2015 (XV.)"]
[Site "München"]
[Date "2015.10.23"]
[Round "4.4"]
[White "Jachs, Walter"]
[Black "Pilhöfer, Bernd"]
[Result "1-0"]
[WhiteElo "2003"]
[BlackElo "1543"]
[PlyCount "47"]
[EventDate "2015.10.22"]
[EventCountry "GER"]
[WhiteTeam "Europäisches Patentamt Mü. 2"]
[BlackTeam "SV Osram Augsburg 2"]

1. e4 e5 2. f4 exf4 3. Nf3 d6 4. Bc4 Be6 5. Bxe6 fxe6 6. d4 Nc6 7. Bxf4 Nf6 8.
Nc3 Qd7 9. O-O O-O-O 10. d5 Ne7 11. Ng5 e5 12. Be3 Ng6 13. Ne6 Re8 14. Qd3 a6
15. b4 Rxe6 16. dxe6 Qxe6 17. b5 a5 18. Nd5 Ne7 19. c4 b6 20. Bg5 Nd7 21. Qf3
Ng6 22. Qf7 Qg4 23. Qe8+ Kb7 24. h3 1-0

[Event "DBMM 2015 (XV.)"]
[Site "München"]
[Date "2015.10.23"]
[Round "4.1"]
[White "Brendemühl, Bernd]"]
[Black "Choinowski,  Gustav"]
[Result "1-0"]
[WhiteElo "1858"]
[BlackElo "2064"]
[PlyCount "52"]
[EventDate "2015.10.22"]
[EventCountry "GER"]
[WhiteTeam "Europäisches Patentamt Mü. 3"]
[BlackTeam "SV Rapid Unilever Hamburg 1"]

1. e4 c5 2. Nf3 d6 3. d4 cxd4 4. Nxd4 Nf6 5. Nc3 a6 6. Be2 e5 7. Nb3 Be7 8. O-O
O-O 9. a4 b6 10. Be3 Bb7 11. f3 Nbd7 12. Qe1 d5 13. exd5 Nxd5 14. Nxd5 Bxd5 15.
Rd1 Be6 16. Kh1 Qc7 17. Bd3 f5 18. Qe2 a5 19. Bb5 Rad8 20. Qf2 Nc5 21. Nxc5
bxc5 22. b3 f4 23. Bc1 c4 24. bxc4 Bxc4 25. Rfe1 Bf7 26. Bb2 Rxd1 1-0

[Event "DBMM 2015 (XV.)"]
[Site "München"]
[Date "2015.10.23"]
[Round "4.2"]
[White "Neander, Swen"]
[Black "Bumes, Konrad"]
[Result "1-0"]
[WhiteElo "2001"]
[BlackElo "2022"]
[PlyCount "79"]
[EventDate "2015.10.22"]
[EventCountry "GER"]
[WhiteTeam "SV Rapid Unilever Hamburg 1"]
[BlackTeam "Europäisches Patentamt Mü. 3"]

1. d4 d5 2. Bf4 Nf6 3. e3 Bf5 4. c4 e6 5. Qb3 Qc8 6. Nc3 c6 7. h3 Be7 8. Nf3
Nbd7 9. Be2 O-O 10. O-O dxc4 11. Bxc4 Nd5 12. Bh2 N7b6 13. Be2 Kh8 14. Nd2 Bg6
15. Rac1 Qd7 16. e4 Nf6 17. Be5 Rac8 18. Rfd1 h5 19. a4 h4 20. Bf3 Bh5 21. a5
Bxf3 22. Nxf3 Na8 23. Nxh4 Nxe4 24. Nxe4 Bxh4 25. Nc5 Qd5 26. Qxd5 cxd5 27.
Nxb7 f6 28. Bf4 e5 29. Rxc8 Rxc8 30. dxe5 Rb8 31. a6 Nb6 32. exf6 Rf8 33. fxg7+
Kxg7 34. Be3 Kg6 35. b4 Rf5 36. Na5 Nc4 37. Nxc4 dxc4 38. Bxa7 c3 39. Be3 Bf6
40. a7 1-0

[Event "DBMM 2015 (XV.)"]
[Site "München"]
[Date "2015.10.23"]
[Round "4.4"]
[White "Kazemi Sresht, Rahim"]
[Black "Santos, Paulo"]
[Result "1/2-1/2"]
[WhiteElo "1524"]
[BlackElo "1833"]
[PlyCount "90"]
[EventDate "2015.10.22"]
[EventCountry "GER"]
[WhiteTeam "SV Rapid Unilever Hamburg 1"]
[BlackTeam "Europäisches Patentamt Mü. 3"]

1. e4 e5 2. Nf3 Nc6 3. Bb5 a6 4. Ba4 Nf6 5. O-O Nxe4 6. Re1 Nc5 7. Bxc6 dxc6 8.
Nxe5 Be7 9. d4 Ne6 10. c3 O-O 11. Be3 Re8 12. Qh5 g6 13. Qd1 Ng7 14. Qf3 Be6
15. Nd2 f6 16. Ng4 Qd5 17. Qxd5 cxd5 18. Nh6+ Kf8 19. h3 f5 20. Nf3 Rac8 21.
Bg5 Bd6 22. Bf6 Nh5 23. Be5 Bxe5 24. Nxe5 Kg7 25. g4 Kxh6 26. gxh5 Kxh5 27. Kh2
f4 28. Nd3 g5 29. Nc5 Bf7 30. Nd7 Kg6 31. Ne5+ Kg7 32. Rg1 h6 33. Rae1 Be6 34.
Nd3 Bf5 35. Rxe8 Rxe8 36. Nxf4 c6 37. Nh5+ Kf7 38. Ng3 Bg6 39. Rd1 h5 40. Rd2
h4 41. Ne2 Kf6 42. Ng1 Bh5 43. Kg2 Kf5 44. f3 Kf4 45. Kf2 Bg6 1/2-1/2

[Event "DBMM 2015 (XV.)"]
[Site "München"]
[Date "2015.10.23"]
[Round "4.1"]
[White "FM Koscielski, Janusz"]
[Black "Mooser, Stefan"]
[Result "1-0"]
[WhiteElo "2376"]
[BlackElo "2148"]
[PlyCount "68"]
[EventDate "2015.10.22"]
[EventCountry "GER"]
[WhiteTeam "EKJ Herne und Wanne-Eickel 1"]
[BlackTeam "Flughafen München 1"]

1. e4 c5 2. Nf3 e6 3. d4 cxd4 4. Nxd4 Nc6 5. Nc3 Qc7 6. Nxc6 dxc6 7. f4 e5 8.
f5 Nf6 9. Qf3 Qb6 10. Bc4 Qd4 11. Bd3 Bc5 12. Bd2 h5 13. h3 Bd7 14. O-O-O Qf2
15. Na4 Qxf3 16. gxf3 Bd4 17. c3 Bf2 18. Rhf1 Bg3 19. Nc5 O-O-O 20. Bc4 Rdf8
21. Bg5 Be8 22. Kc2 b6 23. Nb3 h4 24. Rd2 Rh5 25. Bxf6 gxf6 26. Rfd1 Kb7 27.
Rd8 Rhh8 28. a4 Bf2 29. a5 b5 30. a6+ Kc7 31. Be2 Bb6 32. c4 bxc4 33. Bxc4 c5
34. R1d6 Rh6 1-0

[Event "DBMM 2015 (XV.)"]
[Site "München"]
[Date "2015.10.23"]
[Round "4.2"]
[White "Eggerer, Stefan"]
[Black "WFM Leveikina, Jevgenija"]
[Result "1-0"]
[WhiteElo "2156"]
[BlackElo "2137"]
[PlyCount "87"]
[EventDate "2015.10.22"]
[EventCountry "GER"]
[WhiteTeam "Flughafen München 1"]
[BlackTeam "EKJ Herne und Wanne-Eickel 1"]

1. e4 c6 2. d3 d5 3. Nd2 e5 4. Ngf3 Bd6 5. Be2 Nf6 6. O-O O-O 7. c3 Nbd7 8. Qc2
Re8 9. Re1 Nf8 10. Bf1 Ng6 11. g3 Be6 12. b3 Bc7 13. Bb2 Bb6 14. c4 d4 15. c5
Bc7 16. Nc4 Bg4 17. Bg2 Qd7 18. b4 h5 19. Ng5 h4 20. h3 hxg3 21. hxg4 Qxg4 22.
Nh3 Re6 23. Qe2 gxf2+ 24. Nxf2 Qh4 25. Bc1 Kh7 26. Qf3 Rh8 27. Qh3 Kg8 28. Qxh4
Nxh4 29. Bg5 Nd7 30. Bxh4 Rxh4 31. Bh3 Rg6+ 32. Kf1 Nf6 33. Ke2 Nh5 34. Rh1
Ng3+ 35. Kd2 Nxh1 36. Rxh1 Rg3 37. Nd6 Bxd6 38. cxd6 Kf8 39. b5 Rf3 40. bxc6
Rxf2+ 41. Ke1 Rc2 42. c7 Rxh3 43. Rxh3 Ke8 44. Rh8+ 1-0